000
00275nam a2200109Ia 4500
008
220216s9999 xx 000 0 und d
100
_a
Sajen Peter
245
0
_a
India can tap the emerging global opportunities
260
_b
Rubber Asia
_c
2008
300
_a
27-28
942
_c
BS
999
_c
51153
_d
51153